Historia de las doctrinas económicas (Registro nro. 340)

Detalles MARC
000 -CABECERA
Longitud fija campo de control 01005nam a2200289Ia 4500
005 - • FECHA Y HORA DE LA ÚLTIMA TRANSACCIÓN
Fecha y hora de la última transacción 20220316235236.0
008 - • CÓDIGOS DE INFORMACIÓN DE LONGITUD FIJA
Códigos de información de longitud fija 121119s2002 mx gr 000 0 spa
020 ## - • NÚMERO INTERNACIONAL NORMALIZADO PARA LIBROS
Número Internacional Normalizado para Libros (ISBN) 9681640861
041 0# - • CÓDIGO DE LENGUA
Código de lengua del texto/banda sonora o título independiente spa
082 04 - • NÚMERO DE LA CLASIFICACIÓN DECIMAL DEWEY
Número de clasificación (R) 330.109
Número del ítem R64h
040 ## - FUENTE DE LA CATALOGACIÓN
Centro catalogador de origen CO-BoRNBP
Lengua de catalogación spa
Normas de descripción rda
Centro transcriptor CO-BoRNBP
100 1# - • PUNTO DE ACCESO PRINCIPAL-NOMBRE DE PERSONA
Nombre de persona Roll, Eric,
Fechas asociadas al nombre 1907-
245 10 - • TITULO PROPIAMENTE DICHO
Título Historia de las doctrinas económicas
Mención de responsabilidad, etc. Eric Roll ; traducción de Florentino M. Torner y Odet Chávez Ferreiro
250 ## - • MENCIÓN DE EDICIÓN
Mención de edición Tercera edición
Resto de la mención de edición Segunda reimpresión
264 #1 - PRODUCCIÓN, PUBLICACIÓN , DISTRIBUCIÓN, FABRICACIÓN Y COPYRIGHT
Lugar de producción, publicación, distribución, fabricación México
Nombre del productor, editor, distribuidor, fabricante Fondo de Cultura Económica
Fecha de de producción, publicación, distribución, fabricación o copyright 2002
300 ## - • DESCRIPCIÓN FÍSICA
Extensión 581 páginas
Dimensiones 22 cm.
336 ## - TIPO DE CONTENIDO
Término de tipo de contenido texto
Código de tipo de contenido txt
Fuente rdacontent
337 ## - TIPO DE MEDIO
Nombre del tipo de medio sin mediación
Código del tipo de medio n
Fuente rdamedia
338 ## - TIPO DE SOPORTE
Nombre del tipo de soporte volumen
Código del tipo de soporte nc
Fuente rdacarrier
490 0# - • MENCIÓN DE SERIE
Mención de serie Colección de economía
650 14 - • PUNTO DE ACCESO ADICIONAL DE MATERIA - TÉRMINO DE MATERIA
Fuente del encabezamiento o término LEMB
Término de materia o nombre geográfico como elemento inicial Economía
Subdivisión de materia general Teoría
650 14 - • PUNTO DE ACCESO ADICIONAL DE MATERIA - TÉRMINO DE MATERIA
Fuente del encabezamiento o término LEMB
Término de materia o nombre geográfico como elemento inicial Pensamiento económico
Subdivisión de materia general Historia
650 14 - • PUNTO DE ACCESO ADICIONAL DE MATERIA - TÉRMINO DE MATERIA
Fuente del encabezamiento o término LEMB
Subdivisión de materia general Historia
Término de materia o nombre geográfico como elemento inicial Economía
700 1# - • PUNTO DE ACCESO ADICIONAL - NOMBRE DE PERSONA
Nombre de persona Torner, Florentino
Término indicativo de función traductor
700 1# - • PUNTO DE ACCESO ADICIONAL - NOMBRE DE PERSONA
Nombre de persona Chávez Ferreiro, Odet
Término indicativo de función traductor
942 ## - ENTRADA DE ELEMENTOS AGREGADOS (KOHA)
Fuente de clasificaión o esquema Dewey Decimal Classification
Koha [por defecto] tipo de item LIbro
Existencias
Perdido Fuente de clasificación o esquema Estado Físico No para préstamo Localización permanente Localización actual Fecha adquisición Préstamos totales Signatura completa Código de barras Fecha última consulta Número de copia Fecha del precio de reemplazo Tipo de item de Koha Forma de adquisición Localización en estanterías
  Dewey Decimal Classification     Biblioteca Pública Cubarral Biblioteca Pública Cubarral 08/04/2023   330.109 R64h CUB02330 08/04/2023 Ej.1 08/04/2023 LIbro Colección General General
  Dewey Decimal Classification     Biblioteca Pública Fuentedeoro - Henry Llanos García Biblioteca Pública Fuentedeoro - Henry Llanos García 05/02/2023   330109 R64h Fo00240 05/02/2023 Ej.1 05/02/2023 LIbro Colección General General
  Dewey Decimal Classification     Biblioteca Pública José Eustasio Rivera - San Martin Biblioteca Pública José Eustasio Rivera - San Martin 06/25/2025   330.109 R64h SM04015 06/25/2025 Ej.1 06/25/2025 LIbro Colección General General
  Dewey Decimal Classification     Biblioteca Pública Lejanias Biblioteca Pública Lejanias 06/23/2023   330.109 R64h LEJ00241 06/23/2023 Ej.1 06/23/2023 LIbro Colección General General
  Dewey Decimal Classification     Biblioteca Pública Restrepo Biblioteca Pública Restrepo 07/07/2025   330.109 R64h RES00383 07/07/2025 Ej.1 07/07/2025 LIbro Colección General General
  Dewey Decimal Classification     Biblioteca Pública San Carlos de Guaroa - Eduardo Carranza Biblioteca Pública San Carlos de Guaroa - Eduardo Carranza 03/20/2025   330.109 R64h SG02758 03/20/2025 Ej.1 03/20/2025 LIbro Colección General General
  Dewey Decimal Classification     Biblioteca Pública El Castillo - Alfonso Meneses Biblioteca Pública El Castillo - Alfonso Meneses 07/18/2023   330.109 R64h EC01086 07/18/2023 Ej.1 07/18/2023 LIbro Colección General General
  Dewey Decimal Classification     Biblioteca Pública Acacias - Carlos María Hernández Rojas Biblioteca Pública Acacias - Carlos María Hernández Rojas 05/02/2025   330.109 R64h ACA02475 05/02/2025 Ej.1 05/02/2025 LIbro Colección General General
  Dewey Decimal Classification     Biblioteca Pública Barranca de Upia - María Dolores Herrera Biblioteca Pública Barranca de Upia - María Dolores Herrera 10/30/2023   330.109 R64h BUP01286 10/30/2023 Ej.1 10/30/2023 LIbro Colección General General
  Dewey Decimal Classification     Biblioteca Pública Guamal Biblioteca Pública Guamal 03/13/2023   330109 R64h GUA002224 03/13/2023 Ej.1 03/13/2023 LIbro Colección General General
  Dewey Decimal Classification     Biblioteca Pública Mapiripan Biblioteca Pública Mapiripan 06/08/2023   330.109 R64h MAP0000299 06/08/2023 Ej.1 06/08/2023 LIbro Colección General General
  Clasificación Local Facetada     Biblioteca Pública Puerto Concordia Biblioteca Pública Puerto Concordia 02/05/2026   330.109 R64h PCON00671 02/05/2026 Ej.1 02/05/2026 LIbro Colección General  
  Dewey Decimal Classification     Biblioteca Pública Puerto Rico Biblioteca Pública Puerto Rico 12/09/2022   330.109 R64h PR000000220 12/09/2022 Ej.1 12/09/2022 LIbro    
  Dewey Decimal Classification     Biblioteca Pública San Juan de Arama - Concepción de Arama Biblioteca Pública San Juan de Arama - Concepción de Arama 06/30/2023   330 109 R64H SJA00475 06/30/2023 Ej.1 06/30/2023 LIbro Colección General General
  Dewey Decimal Classification     Biblioteca Pública Uribe - Reinerio Arenas Biblioteca Pública Uribe - Reinerio Arenas 07/17/2024   330.109 R64h URI00351 07/17/2024 Ej.1 07/17/2024 LIbro Colección General General
  Dewey Decimal Classification     Biblioteca Pública Vistahermosa Biblioteca Pública Vistahermosa 07/17/2023   330.109 R64h VIS00273 07/17/2023 Ej.1 07/17/2023 LIbro Colección General General









Instituto Departamental de Cultura del Meta - Red Departamental de Bibliotecas Públicas del Meta.